书目信息 |
| 题名: |
流向远方的水
|
|
| 作者: | 谢冕 著 | |
| 分册: | ||
| 出版信息: | 成都 四川人民出版社 1997.07 |
|
| 页数: | 252页 | |
| 开本: | 32开 | |
| 丛书名: | ||
| 单 册: | ||
| 中图分类: | I267.1 | |
| 科图分类: | ||
| 主题词: | 散文--中国 , 散文--作品综合集--中国 | |
| 电子资源: | ||
| ISBN: | 7-220-03730-9 | |
| 000 | 00574nam0 2200205 45 | |
| 001 | 0008100970 | |
| 005 | 20000810092637.9 | |
| 010 | @a7-220-03730-9@d12.00元 | |
| 100 | @a20000810d1997 km y0chiy0120 ea | |
| 101 | 0 | @achi |
| 105 | @a z 000yy | |
| 200 | 1 | @a流向远方的水@ALiu Xiang Yuan Fang De Shui@f谢冕著@FXie Mian Zhu |
| 210 | @a成都@c四川人民出版社@d1997.07 | |
| 215 | @a252页@d32开 | |
| 606 | 0 | @a散文@x中国 |
| 606 | 0 | @a散文@x作品综合集@x中国 |
| 690 | @aI267.1@v3 | |
| 701 | 0 | @a谢冕@4著 |
| 801 | @aCN@bPftUser@c20000810 | |
| 905 | @b101420-424@dI267.1@eX.454@f5 | |
| 流向远方的水/谢冕著.-成都:四川人民出版社,1997.07 |
| 252页;32开 |
| ISBN 7-220-03730-9:12.00元 |
| ● |
| 相关链接 |
|
|
|
正题名:流向远方的水
索取号:I267.1/X.454
 
预约/预借
| 序号 | 登录号 | 条形码 | 馆藏地/架位号 | 状态 | 备注 |
| 1 | 101420 | 201014204 | 社科二线400B/400B社科库 27排3列2层/ [索取号:I267.1/X.454] | 在馆 | |
| 2 | 101421 | 201014213 | 社科二线400B/400B社科库 27排3列2层/ [索取号:I267.1/X.454] | 在馆 | |
| 3 | 101422 | 201014222 | 社科二线400B/400B社科库 27排3列2层/ [索取号:I267.1/X.454] | 在馆 | |
| 4 | 101423 | 201014231 | 社科二线400B/400B社科库 27排3列2层/ [索取号:I267.1/X.454] | 在馆 | |
| 5 | 101424 | 201014240 | 社科二线400B/400B社科库 27排3列2层/ [索取号:I267.1/X.454] | 在馆 |